000 00218 a2200109 4500
001 122284
040 _cEscola Canadense de Niteroi
090 _aC7
100 _aVenezia, Mike
245 1 0 _aClaude Monet
942 _cBK
999 _c122284
_d122284